[Event "Pardubice Region-chT 2223"]
[Site "Czech Republic"]
[Date "2022.11.27"]
[Round "4.7"]
[White "Pokorny, Jiri2222"]
[Black "Liska, Krystof"]
[Result "0-1"]
[WhiteElo "1469"]
[BlackElo "1730"]
[PlyCount "112"]
[EventDate "2022.10.09"]
[EventType "team-tourn"]
[EventRounds "11"]
[EventCountry "CZE"]
[SourceTitle "EXT 2024"]
[Source "ChessBase"]
[SourceDate "2023.10.10"]
[SourceVersion "1"]
[SourceVersionDate "2023.10.10"]
[SourceQuality "1"]

1. e4 d5 2. exd5 Qxd5 3. Nc3 Qa5 4. d4 c6 5. Nf3 Bg4 6. Be2 Nf6 7. h3 Bh5 8. 0-0 e6 9. a3 Nbd7 10. Bf4 Be7 11. b4 Qd8 12. Na4 Nd5 13. Bg3 0-0 14. c4 N5b6 15. Nb2 Nf6 16. c5 Nbd5 17. Be5 Ne4 18. Nc4 Bf6 19. Re1 Bxe5 20. dxe5 Nec3 21. Qc2 f6 22. Nd4 Nxe2+ 23. Nxe2 fxe5 24. Nxe5 Qf6 25. Ng3 Bg6 26. Nxg6 hxg6 27. Ne4 Qf5 28. Ra2 Nf4 29. Ng3 Qf6 30. Ne4 Qd4 31. Qd2 Nd3 32. Re2 Rf4 33. Qe3 Rd8 34. Qxd4 Rxd4 35. Ng5 Rd7 36. Rxe6 Rf8 37. Rd2 Rfd8 38. Re3 Nxc5 39. Rde2 Rd1+ 40. Kh2 Nd7 41. Re7 Rd5 42. Ne6 Rb8 43. Rxg7+ Kh8 44. Rxg6 c5 45. Re4 Rh5 46. bxc5 Rg8 47. Nf4 Rh7 48. Rxg8+ Kxg8 49. Nd5 Kf8 50. Rc4 Ne5 51. Rc3 Kf7 52. Nb4 Ke6 53. c6 bxc6 54. Nxc6 Ng4+ 55. Kg3 Nf6 56. Nb4 Ne4+ 0-1